Discursos llegits en la 'Real Academia de Buenas Letras' de Barcelona en la recepció pública de D. Ramón Miquel y Planas, el día 19 de juliol de 1914
Descripción Física:
45 p. ; 29 cm
Otros Autores:
Miquel i Planas, R. (Ramon), 1874-1950
MARC
| LEADER | 00000nam a2200000Ia 4500 | ||
|---|---|---|---|
| 001 | 6170 | ||
| 008 | 160829s1914 xx 000 0 cat d | ||
| 080 | |a RF-5-40 | ||
| 245 | |a Discursos llegits en la 'Real Academia de Buenas Letras' de Barcelona en la recepció pública de D. Ramón Miquel y Planas, el día 19 de juliol de 1914 | ||
| 260 | |a Barcelona : |b Real Academia de Buenas Letras (Imp. de la Casa de Caritat), |c 1914 | ||
| 300 | |a 45 p. ; |c 29 cm | ||
| 700 | 1 | |a Miquel i Planas, R. |q (Ramon), |d 1874-1950 |9 22471 | |
| 710 | 2 | |a Reial Acadèmia de Bones Lletres de Barcelona |9 53064 | |
| 856 | 4 | |u https://media.diba.cat/diba/fitxers/arxiu/fulletons/bib_6170_1914_baixa.pdf |y Accés lliure | |
| 856 | 4 | |u https://media.diba.cat/diba/fitxers/arxiu/fulletons/bib_6170_1914_baixa.pdf |y Accés lliure | |
| 901 | |a Arxiu | ||
| 942 | |n 1 |2 udc | ||
| 952 | |0 0 |1 0 |4 0 |6 RF540 |7 1 |9 41825 |a Arxiu |b Arxiu |d 2016-12-01 |l 0 |o RF-5-40 |p 6170 |r 2016-12-01 00:00:00 |w 2016-12-01 |y ARXIU | ||
| 999 | |c 43749 |d 43749 | ||
| 900 | |a bib_6170_1914_baixa.pdf | ||